[Event "MCR mladeze 2014, Open B"]
[Site "Kouty nad Desnou"]
[Date "2014.03.10"]
[Round "3"]
[White "Vantuch, Lucian"]
[Black "Vit, Jakub"]
[Result "0-1"]
[WhiteElo "1334"]
[BlackElo "1592"]
[PlyCount "88"]
[EventDate "2014.03.08"]

1. e4 c5 2. d4 cxd4 3. c3 d3 4. Bxd3 d6 5. Bc4 e6 6. Nf3 Nf6 7. Qd3 Be7 8. Bf4
Qb6 9. b4 Bd7 10. O-O O-O 11. Rd1 e5 12. Bg5 Ng4 13. Bxe7 Nxf2 14. Qxd6 Nxd1+
15. Qxb6 axb6 16. Bxf8 Kxf8 17. Nxe5 f6 18. Nxd7+ Nxd7 19. h3 Ne5 20. Bb3 Rd8
21. Na3 Nxc3 22. Bc2 Nc6 23. b5 Nd4 24. Kh2 Ndxb5 25. Nxb5 Nxb5 26. Rb1 Na3 27.
Rd1 Rxd1 28. Bxd1 Nc4 29. Kg3 Ke7 30. Kf4 g5+ 31. Kf3 Kd6 32. Bb3 b5 33. Ke2
Ke5 34. Kd3 Nd6 35. Bd5 f5 36. Ke3 fxe4 37. Bg8 h6 38. Bb3 Nc4+ 39. Ke2 Kd4 40.
g4 e3 41. a4 Nd2 42. Bc2 b4 43. a5 b3 44. Bxb3 Nxb3 0-1

[Event "MCR mladeze 2014, Open B"]
[Site "Kouty nad Desnou"]
[Date "2014.03.10"]
[Round "3"]
[White "Gregor, Jiri"]
[Black "Svoboda, Filip"]
[Result "1/2-1/2"]
[WhiteElo "1591"]
[BlackElo "1481"]
[PlyCount "42"]
[EventDate "2014.03.08"]

1. d4 d5 2. Nf3 Nf6 3. Bf4 c6 4. c3 e6 5. e3 Nbd7 6. h3 b5 7. Nbd2 a6 8. Bd3 c5
9. dxc5 Nxc5 10. Bc2 Bb7 11. O-O Be7 12. Re1 O-O 13. Nb3 Nxb3 14. Bxb3 Rc8 15.
Bc2 Qb6 16. Bg5 Rfd8 17. Qd3 g6 18. Rac1 Qc7 19. Qd4 Ne4 20. Bxe7 Qxe7 21. Qd3
Qf6 1/2-1/2

[Event "MCR mladeze 2014, Open B"]
[Site "Kouty nad Desnou"]
[Date "2014.03.11"]
[Round "4"]
[White "Havelka, Jiri"]
[Black "Drahorad, Daniel"]
[Result "0-1"]
[WhiteElo "1528"]
[BlackElo "2000"]
[PlyCount "60"]
[EventDate "2014.03.08"]

1. d4 d5 2. e3 e6 3. f4 f5 4. Nf3 Nf6 5. Ne5 Bd6 6. Bd3 O-O 7. O-O c5 8. c3 Qc7
9. Nd2 c4 10. Bc2 Bd7 11. Ndf3 Nc6 12. Bd2 b5 13. Nxc6 Bxc6 14. a3 a5 15. Qc1
Rfb8 16. Qe1 Qe7 17. Ne5 Be8 18. Qh4 Rb6 19. g4 g6 20. Be1 Nxg4 21. Nxg4 Qxh4
22. Bxh4 fxg4 23. Bf6 Rba6 24. Be5 Bf8 25. e4 dxe4 26. b3 cxb3 27. Bxb3 Bf7 28.
Bc2 Rc8 29. Bxe4 Rxc3 30. Rfc1 Re3 0-1

[Event "MCR mladeze 2014, Open B"]
[Site "Kouty nad Desnou"]
[Date "2014.03.11"]
[Round "4"]
[White "Zilava, Katerina"]
[Black "Kosut, Tomas"]
[Result "1/2-1/2"]
[WhiteElo "1475"]
[BlackElo "1777"]
[PlyCount "94"]
[EventDate "2014.03.08"]

1. e4 c5 2. Nc3 d6 3. Nf3 Nf6 4. Bc4 e6 5. d4 cxd4 6. Nxd4 Nc6 7. Nf3 Be7 8.
O-O O-O 9. Bf4 a6 10. a3 b5 11. Ba2 Bb7 12. e5 Nxe5 13. Nxe5 dxe5 14. Bxe5 Qb6
15. Qe2 Qc6 16. f3 Nd7 17. Bd4 Bc5 18. Bxc5 Qxc5+ 19. Kh1 Nb6 20. Ne4 Bxe4 21.
Qxe4 Rac8 22. Rac1 Nc4 23. Bxc4 Qxc4 24. Qxc4 Rxc4 25. Rfd1 h6 26. Kg1 Rfc8 27.
c3 a5 28. Rb1 b4 29. axb4 axb4 30. cxb4 Rxb4 31. Rd2 Rcb8 32. Kf2 g5 33. Ke3
Kg7 34. Kd3 Rd8+ 35. Kc3 Rxd2 36. Kxd2 f5 37. Kc3 Rb8 38. b4 Kf6 39. b5 e5 40.
b6 h5 41. h3 f4 42. b7 g4 43. h4 e4 44. fxe4 Ke5 45. Kd3 Rd8+ 46. Ke2 Rb8 47.
Kd3 Rd8+ 1/2-1/2

[Event "MCR mladeze 2014, Open B"]
[Site "Kouty nad Desnou"]
[Date "2014.03.11"]
[Round "4"]
[White "Burgermeister, Michal"]
[Black "Vit, Jakub"]
[Result "1/2-1/2"]
[WhiteElo "1864"]
[BlackElo "1592"]
[PlyCount "20"]
[EventDate "2014.03.08"]

1. Nf3 Nf6 2. d4 d5 3. Bg5 e6 4. e3 c6 5. Bd3 Nbd7 6. O-O Bd6 7. c4 b6 8. Nc3
O-O 9. Rc1 Bb4 10. cxd5 exd5 1/2-1/2

[Event "MCR mladeze 2014, Open B"]
[Site "Kouty nad Desnou"]
[Date "2014.03.11"]
[Round "4"]
[White "Bainhofner, Jiri"]
[Black "Martirosyan, Artyom"]
[Result "0-1"]
[WhiteElo "1781"]
[BlackElo "1000"]
[PlyCount "36"]
[EventDate "2014.03.08"]

1. Nf3 d5 2. g3 Bg4 3. Bg2 Bxf3 4. Bxf3 e5 5. d3 Bc5 6. O-O h5 7. h4 Qd7 8. c4
c6 9. Nd2 Nh6 10. e4 Qh3 11. Bg2 Qxg3 12. Qxh5 Nd7 13. Nf3 O-O-O 14. Be3 Bxe3
15. fxe3 Ng4 16. Qg5 f6 17. Qg6 Rxh4 18. Qxg7 Rh2 0-1

[Event "MCR mladeze 2014, Open B"]
[Site "Kouty nad Desnou"]
[Date "2014.03.11"]
[Round "4"]
[White "Siroky, Richard"]
[Black "Haderka, Karel"]
[Result "1-0"]
[WhiteElo "1588"]
[BlackElo "1858"]
[PlyCount "95"]
[EventDate "2014.03.08"]

1. e4 e6 2. d4 d5 3. Nd2 dxe4 4. Nxe4 Nf6 5. Bg5 Be7 6. Bxf6 Bxf6 7. Nxf6+ Qxf6
8. Nf3 O-O 9. Bd3 c5 10. c3 cxd4 11. Nxd4 Bd7 12. O-O Nc6 13. Nxc6 Bxc6 14. Qc2
g6 15. Be4 Rac8 16. Rad1 Rfd8 17. Rxd8+ Qxd8 18. Rd1 Qc7 19. Bxc6 Qxc6 20. Qd3
h5 21. Qd7 Qc7 22. Qxc7 Rxc7 23. Kf1 Kf8 24. Ke2 Ke7 25. Ke3 e5 26. Rd3 f5 27.
f3 g5 28. h3 Rc4 29. b3 Rc6 30. c4 Re6 31. Rd5 a6 32. c5 a5 33. a3 Kf6 34. b4
axb4 35. axb4 b6 36. b5 bxc5 37. Rxc5 Rb6 38. Rc6+ Rxc6 39. bxc6 Ke7 40. g4
hxg4 41. hxg4 fxg4 42. fxg4 Kd6 43. Ke4 Kxc6 44. Kxe5 Kd7 45. Kf5 Ke7 46. Kxg5
Kf7 47. Kh6 Kg8 48. Kg6 1-0

[Event "MCR mladeze 2014, Open B"]
[Site "Kouty nad Desnou"]
[Date "2014.03.11"]
[Round "4"]
[White "Nemecek, Pavel"]
[Black "Gregor, Jiri"]
[Result "1/2-1/2"]
[WhiteElo "1816"]
[BlackElo "1591"]
[PlyCount "20"]
[EventDate "2014.03.08"]

1. e4 e5 2. Nf3 Nf6 3. Nxe5 d6 4. Nf3 Nxe4 5. d4 d5 6. Bd3 Nc6 7. c4 Nf6 8. Nc3
Be7 9. O-O O-O 10. cxd5 Nxd5 11. Qb3 Ndb4 12. Be4 Nxd4 13. Nxd4 Qxd4
14. Be3 Qf6 15. a3 Be6 16. Qa4 Nc6 17. Bxc6 bxc6 18. Qxc6 Bd6 19. Ne4 Qxb2 20.
Nxd6 cxd6 21. Qxd6 Rfd8 1/2-1/2

[Event "MCR mladeze 2014, Open B"]
[Site "Kouty nad Desnou"]
[Date "2014.03.11"]
[Round "4"]
[White "Lhotsky, Zdenek"]
[Black "Kocandova, Martina"]
[Result "1-0"]
[WhiteElo "1539"]
[BlackElo "1809"]
[PlyCount "72"]
[EventDate "2014.03.08"]

1. e4 e5 2. Nf3 Nc6 3. Bb5 a6 4. Ba4 Nf6 5. O-O b5 6. Bb3 Be7 7. Re1 d6 8. c3
Bg4 9. d4 exd4 10. cxd4 Bxf3 11. gxf3 O-O 12. Nc3 Na5 13. Bc2 c5 14. Bf4 Nh5
15. Bg3 Nxg3 16. fxg3 cxd4 17. Qxd4 Bf6 18. Qd3 Qb6+ 19. Kg2 Bxc3 20. bxc3 g6
21. a4 Qc5 22. axb5 axb5 23. Rf1 Nc4 24. Kh1 Na3 25. Rfd1 Rfc8 26. Bb3 Qxc3 27.
Qd5 Qxf3+ 28. Kg1 Qe3+ 29. Kh1 Nc4 30. Rxa8 Qf3+ 31. Kg1 Qe3+ 32. Kg2 Qe2+ 33.
Kh3 Rxa8 34. Qxa8+ Kg7 35. Qa1+ Nb2 36. Re1 Qf2 {Necitelny zapis} 1-0

[Event "MCR mladeze 2014, Open B"]
[Site "Kouty nad Desnou"]
[Date "2014.03.11"]
[Round "4"]
[White "Skrabanek, Matej"]
[Black "Helebrand, Frantisek"]
[Result "0-1"]
[WhiteElo "1487"]
[BlackElo "1679"]
[PlyCount "94"]
[EventDate "2014.03.08"]

1. e4 c6 2. d4 d5 3. e5 Bf5 4. h4 h6 5. Nf3 e6 6. Be2 Nd7 7. O-O c5 8. c3 Ne7
9. Be3 cxd4 10. cxd4 Nc6 11. Nc3 Be7 12. Nb5 a6 13. Nc3 Bxh4 14. Nxh4 Qxh4 15.
a3 O-O 16. Bf3 Nb6 17. g3 Qe7 18. Bg2 Nc4 19. b3 Nxe3 20. fxe3 Rad8 21. b4 b5
22. Rc1 Qd7 23. Ne2 Rc8 24. Qd2 Ne7 25. Rc3 Rxc3 26. Qxc3 Rc8 27. Qa1 Bd3 28.
Re1 Bc4 29. Nf4 Qd8 30. Rc1 Nf5 31. e4 dxe4 32. g4 Qxd4+ 33. Qxd4 Nxd4 34. Bxe4
Rb8 35. Rd1 Rd8 36. Kf2 Nc6 37. Rd6 Rxd6 38. exd6 Nd8 39. Ke3 f6 40. Bg6 Nb7
41. d7 Kf8 42. Be8 Ke7 43. Ng6+ Kd8 44. Nf8 e5 45. Bg6 Ke7 46. Be4 Nd8 47. Bf5
Kxf8 0-1

[Event "MCR mladeze 2014, Open B"]
[Site "Kouty nad Desnou"]
[Date "2014.03.11"]
[Round "4"]
[White "Kubelova, Sona"]
[Black "Tobiskova, Petra"]
[Result "1-0"]
[WhiteElo "1671"]
[BlackElo "1531"]
[PlyCount "79"]
[EventDate "2014.03.08"]

1. d4 Nf6 2. c4 e6 3. Nc3 d5 4. e3 c6 5. Bd3 Nbd7 6. Nge2 dxc4 7. Bxc4 b5 8.
Bd3 a6 9. O-O c5 10. b3 Bb7 11. Bb2 Qb6 12. Rc1 Be7 13. h3 O-O 14. Bb1 Rfd8 15.
Qc2 Rac8 16. dxc5 Nxc5 17. Nd4 b4 18. Nd1 Na4 19. Qe2 Nxb2 20. Nxb2 Bd5 21.
Rfe1 Qb7 22. f3 Bc5 23. Nc4 Bxc4 24. Rxc4 e5 25. Nc2 Qb6 26. Rc1 Nd5 27. Kh1
Nc3 28. Qf2 Rc7 29. Qg3 Ne2 30. Qh4 Rcd7 31. Nd4 Bxd4 32. Qxh7+ Kf8 33. Rc6
Ng3+ 34. Kh2 Nf1+ 35. Kh1 Qa7 36. Qh8+ Ke7 37. Qxg7 Bxe3 38. Qxe5+ Kf8 39. Rxf1
Rd1 40. Qh8+ 1-0

[Event "MCR mladeze 2014, Open B"]
[Site "Kouty nad Desnou"]
[Date "2014.03.11"]
[Round "4"]
[White "Svoboda, Filip"]
[Black "Miratsky, Petr"]
[Result "0-1"]
[WhiteElo "1481"]
[BlackElo "1637"]
[PlyCount "47"]
[EventDate "2014.03.08"]

1. e4 c5 2. c3 Nc6 3. d4 cxd4 4. cxd4 d5 5. exd5 Qxd5 6. Nf3 Bg4 7. Be2 e6 8.
O-O Bd6 9. Nc3 Qh5 10. h3 Bxh3 11. Ne5 Qh4 12. gxh3 Qxh3 13. Qd3 Qxd3 14. Nxd3
Nxd4 15. Bf3 Rb8 16. Bf4 Rd8 17. Rfd1 Nf6 18. Bxd6 Rxd6 19. Nf4 g5 20. Nh5 Nxh5
21. Bxh5 Ke7 22. Ne2 Rb6 23. Nc3 a6 24. Na4 {necitelny zapis} 0-1

[Event "MCR mladeze 2014, Open B"]
[Site "Kouty nad Desnou"]
[Date "2014.03.11"]
[Round "5"]
[White "Drahorad, Daniel"]
[Black "Kosut, Tomas"]
[Result "1/2-1/2"]
[WhiteElo "2000"]
[BlackElo "1777"]
[PlyCount "57"]
[EventDate "2014.03.08"]

1. e4 c5 2. Nc3 Nc6 3. Bb5 Nd4 4. Nf3 g6 5.
Nxd4 cxd4 6. Ne2 Bg7 7. O-O e6 8. d3 Ne7 9. f4 O-O 10. Ba4 d6 11. Bb3 Rb8 12.
Bd2 b6 13. Rf3 Bb7 14. Rh3 Qd7 15. Qe1 f5 16. Qh4 h5 17. g4 Bf6 18. g5 Bg7 19.
Ng3 d5 20. e5 Kh8 21. Ne2 a5 22. a4 Nc6 23. Qf2 Rfc8 24. Nxd4 Nxd4 25. Qxd4 Bf8
26. Qf2 d4 27. Kf1 Bc5 28. Rg3 Kg7 29. Bc4 1/2-1/2

[Event "MCR mladeze 2014, Open B"]
[Site "Kouty nad Desnou"]
[Date "2014.03.11"]
[Round "5"]
[White "Martirosyan, Artyom"]
[Black "Zilava, Katerina"]
[Result "0-1"]
[WhiteElo "1000"]
[BlackElo "1475"]
[PlyCount "53"]
[EventDate "2014.03.08"]

1. e4 e5 2. d4 exd4 3. Nf3 Nc6 4. Bc4 Bc5 5. O-O d6 6. c3 dxc3 7. Qb3 Qe7 8.
Nxc3 Bg4 9. Nd5 Qd7 10. Ng5 Nh6 11. Nf3 Na5 12. Qd3 Nxc4 13. Qxc4 Bxf3 14. Bxh6
Qc6 15. Bxg7 Bxf2+ 16. Kh1 Qxc4 17. Rac1 Bxg2+ 18. Kxg2 Qxe4+ 19. Kxf2 Qxd5 20.
Bxh8 O-O-O 21. Bf6 Qf5+ 22. Ke2 Re8+ 23. Kd2 Qd5+ 24. Kc3 Qe4 25. Kd2 Qe2+ 26.
Kc3 Re3+ 27. Kb4 0-1

[Event "MCR mladeze 2014, Open B"]
[Site "Kouty nad Desnou"]
[Date "2014.03.11"]
[Round "5"]
[White "Siroky, Richard"]
[Black "Burgermeister, Michal"]
[Result "1/2-1/2"]
[WhiteElo "1588"]
[BlackElo "1864"]
[PlyCount "59"]
[EventDate "2014.03.08"]

1. e4 c5 2. Nc3 Nc6 3. f4 d6 4. Nf3 g6 5. Bb5 Bd7 6. O-O Bg7 7. d3 e6 8. Bd2
Nge7 9. Rb1 O-O 10. Ne2 Nd4 11. Nexd4 cxd4 12. Bxd7 Qxd7 13. c3 dxc3 14. Bxc3
Rac8 15. Qd2 Bxc3 16. bxc3 Qc7 17. Rfc1 Rfd8 18. g4 d5 19. e5 Nc6 20. Rf1 a6
21. Nh4 Qe7 22. Qf2 b5 23. d4 Nb8 24. Rb3 Rc7 25. f5 Rdc8 26. f6 Qf8 27. Qd2
Nc6 28. Rf3 Na5 29. Rb1 Rc4 30. Ng2 1/2-1/2

[Event "MCR mladeze 2014, Open B"]
[Site "Kouty nad Desnou"]
[Date "2014.03.11"]
[Round "5"]
[White "Helebrand, Frantisek"]
[Black "Lhotsky, Zdenek"]
[Result "1/2-1/2"]
[WhiteElo "1679"]
[BlackElo "1539"]
[PlyCount "49"]
[EventDate "2014.03.08"]

1. d4 Nf6 2. c4 g6 3. Nc3 Bg7 4. e4 d6 5. Nf3 O-O 6. Be2 e5 7. d5 a5 8. Bg5
Nbd7 9. O-O Nc5 10. Bd3 h6 11. Bh4 g5 12. Bg3 Nh5 13. Bc2 Nxg3 14. hxg3 f5 15.
exf5 Bxf5 16. Bxf5 Rxf5 17. Nd2 Qe7 18. Nde4 Nxe4 19. Nxe4 Raf8 20. Rc1 b6 21.
a3 Ra8 22. Qe2 Rff8 23. Ra1 Ra7 24. Qe3 Rc8 25. Rac1 1/2-1/2

[Event "MCR mladeze 2014, Open B"]
[Site "Kouty nad Desnou"]
[Date "2014.03.11"]
[Round "5"]
[White "Vit, Jakub"]
[Black "Kubelova, Sona"]
[Result "1/2-1/2"]
[WhiteElo "1592"]
[BlackElo "1671"]
[PlyCount "129"]
[EventDate "2014.03.08"]

1. Nf3 d5 2. d4 Nf6 3. Bg5 e6 4. e3 Be7 5. c4 c6 6. Nc3 Nbd7 7. Rc1 O-O 8. cxd5
Nxd5 9. Bxe7 Qxe7 10. Nxd5 cxd5 11. Bd3 Qb4+ 12. Qd2 Qxd2+ 13. Kxd2 Nf6 14. Ne5
Ne4+ 15. Bxe4 dxe4 16. Rc7 f6 17. Nc4 Rd8 18. Rc1 b6 19. Nd6 Rxd6 20. Rxc8+
Rxc8 21. Rxc8+ Kf7 22. Rc7+ Kg6 23. Rxa7 Rd5 24. Ra4 Rh5 25. h3 Rg5 26. g4 h5
27. gxh5+ Rxh5 28. Rb4 b5 29. a4 bxa4 30. Rxa4 Rxh3 31. b4 Rh8 32. b5 Rb8 33.
Rb4 Kf7 34. Ke2 g5 35. f3 exf3+ 36. Kxf3 Ke7 37. Ke4 Kd6 38. Rb1 f5+ 39. Kf3 e5
40. dxe5+ Kxe5 41. b6 g4+ 42. Kg3 Rb7 43. Rb4 Kd5 44. Rb5+ Ke4 45. Rb3 Kd5 46.
Rb5+ Ke6 47. Kf4 Kd6 48. Rxf5 Rg7 49. Kg3 Kc6 50. Rf4 Re7 51. e4 Kxb6 52. Kxg4
Re5 53. Kf3 Kc7 54. Rf5 Re8 55. Kf4 Kd7 56. Rd5+ Ke6 57. Rf5 Kd6 58. Rf6+ Kd7
59. e5 Rh8 60. Kg5 Rh1 61. Kf5 Rf1+ 62. Kg6 Re1 63. Rf7+ Ke6 64. Rf8 Rg1+ 65.
Kh5 1/2-1/2

[Event "MCR mladeze 2014, Open B"]
[Site "Kouty nad Desnou"]
[Date "2014.03.11"]
[Round "5"]
[White "Miratsky, Petr"]
[Black "Berezjuk, Rostislav"]
[Result "1/2-1/2"]
[WhiteElo "1637"]
[BlackElo "1371"]
[PlyCount "80"]
[EventDate "2014.03.08"]

1. e4 e5 2. Nf3 Nf6 3. Nxe5 d6 4. Nf3 Nxe4 5. d4 d5 6. Bd3 Nc6 7. c3 Bd6 8.
Nbd2 O-O 9. O-O Re8 10. Re1 Bf5 11. Qc2 Nxd2 12. Bxd2 Bxd3 13. Qxd3 a6 14.
Rxe8+ Qxe8 15. Ng5 g6 16. Qh3 h5 17. Re1 Qc8 18. Qf3 Qf5 19. Qxf5 gxf5 20. Nh3
Ne7 21. Bf4 Ng6 22. Bxd6 cxd6 23. f3 Kf8 24. Nf2 Re8 25. Rxe8+ Kxe8 26. Nd3 Ke7
27. Kf2 f4 28. b3 a5 29. a4 Ke6 30. b4 b6 31. bxa5 bxa5 32. Nc1 Ne7 33. Nb3 Nc6
34. g3 Kf5 35. gxf4 Kxf4 36. Nc1 h4 37. Nd3+ Kg5 38. h3 Kf5 39. Ke3 Ne7 40. Nb2
Ng6 1/2-1/2

[Event "MCR mladeze 2014, Open B"]
[Site "Kouty nad Desnou"]
[Date "2014.03.11"]
[Round "5"]
[White "Havelka, Jiri"]
[Black "Sebesta, Petr"]
[WhiteElo "1528"]
[BlackElo "1623"]
[PlyCount "41"]
[EventDate "2014.03.08"]

1. d4 Nf6 2. e3 g6 3. f4 d5 4. Bd3 Bg7 5. Nf3 O-O 6. O-O Bg4
7. Nbd2 Nbd7 8. h3 Bxf3 9. Rxf3 e6 10. g4 c5 11. c3 Rc8 12. Rg3 Rc6 13. g5 Ne8
14. h4 f5 15. h5 Nd6 16. hxg6 hxg6 17. Rh3 Kf7 18. Nf3 c4 19. Bc2 Qb6 20. Rh7
Rcc8 21. Rh2 1/2-1/2

[Event "MCR mladeze 2014, Open B"]
[Site "Kouty nad Desnou"]
[Date "2014.03.11"]
[Round "5"]
[White "Milfort, Vaclav"]
[Black "Nemecek, Pavel"]
[Result "1/2-1/2"]
[WhiteElo "1596"]
[BlackElo "1816"]
[PlyCount "71"]
[EventDate "2014.03.08"]

1. d4 d5 2. Nf3 Nf6 3. Nc3 c5 4. e3 Bf5 5. Bd3 Bxd3 6. cxd3 e6 7. Qa4+ Nbd7 8.
O-O cxd4 9. exd4 Be7 10. Bf4 a6 11. Rac1 O-O 12. Ne2 Nb6 13. Qb3 Bd6 14. Bxd6
Qxd6 15. Ne5 Rfc8 16. Rxc8+ Rxc8 17. Rc1 Rxc1+ 18. Nxc1 Ne8 19. Qc2 f6 20. Nf3
Qb4 21. a3 Qa4 22. Qe2 Kf7 23. g4 Nd6 24. h4 Nb5 25. Qe3 Qc2 26. Qd2 Qxd2 27.
Nxd2 Nxd4 28. Kg2 e5 29. Kg3 f5 30. gxf5 Nxf5+ 31. Kg4 Kf6 32. Ndb3 Na4 33. Na5
Nxb2 34. Nxb7 Nd1 35. Nc5 a5 36. Nd7+ 1/2-1/2

[Event "MCR mladeze 2014, Open B"]
[Site "Kouty nad Desnou"]
[Date "2014.03.11"]
[Round "5"]
[White "Gregor, Jiri"]
[Black "Bainhofner, Jiri"]
[Result "1/2-1/2"]
[WhiteElo "1591"]
[BlackElo "1781"]
[PlyCount "48"]
[EventDate "2014.03.08"]

1. d4 Nf6 2. c4 g6 3. Nc3 Bg7 4. Nf3 d6 5.
Bf4 Nh5 6. Bg3 Nd7 7. e3 O-O 8. Be2 Nxg3 9. hxg3 e5 10. dxe5 Nxe5 11. Nxe5 Bxe5
12. Qc2 f5 13. O-O-O Kg7 14. f4 Bxc3 15. Qxc3+ Qf6 16. Qd4 h5 17. Bf3 Qxd4 18.
exd4 Rb8 19. Rhe1 c6 20. Re7+ Rf7 21. Rde1 Kf6 22. Re8 Rc7 23. Rf8+ Kg7 24.
Ree8 a6 1/2-1/2

[Event "MCR mladeze 2014, Open B"]
[Site "Kouty nad Desnou"]
[Date "2014.03.11"]
[Round "5"]
[White "Ochmyt, Jakub"]
[Black "Volanin, Jaromir"]
[Result "0-1"]
[WhiteElo "1579"]
[BlackElo "1703"]
[PlyCount "36"]
[EventDate "2014.03.08"]

1. d4 f5 2. c4 Nf6 3. Nf3 e6 4. Nc3 Be7 5. Bf4 d6 6. e3 O-O 7. Bd3 Nbd7 8. Qb3
h6 9. h3 e5 10. c5+ Kh8 11. cxd6 cxd6 12. dxe5 dxe5 13. Nh4 Nc5 14. Ng6+ Kh7
15. Nxf8+ Bxf8 16. Qc2 Nxd3+ 17. Ke2 Nb4 18. Rad1 Qe8 0-1

[Event "MCR mladeze 2014, Open B"]
[Site "Kouty nad Desnou"]
[Date "2014.03.12"]
[Round "6"]
[White "Zilava, Katerina"]
[Black "Drahorad, Daniel"]
[Result "0-1"]
[WhiteElo "1475"]
[BlackElo "2000"]
[PlyCount "57"]
[EventDate "2014.03.08"]

1. e4 d5 2. exd5 Nf6 3. Bc4 Nxd5 4. d4 e6 5. Nf3 Be7 6. O-O Nc6 7. Be3 O-O
8. Qd2 Bf6 9. Bg5 Nxd4 10. Nxd4 Bxg5 11. Qd3 Bf6 12. c3 c5 13. Nf3 b6 14. Nbd2
Bb7 15. Rad1 Qc7 16. Ne4 Qf4 17. Nxf6+ Nxf6 18. Nd2 h6 19. Bb3 Rad8 20. Qe2 Qg5
21. f3 Nd5 22. Bxd5 exd5 23. Rfe1 Bc6 24. Qf2 Rfe8 25. c4 dxc4 26. Nxc4 Qf4 27.
Rxe8+ Rxe8 28. Na3 Qb4 29. b3 {Necitelny zapis} 0-1

[Event "MCR mladeze 2014, Open B"]
[Site "Kouty nad Desnou"]
[Date "2014.03.12"]
[Round "6"]
[White "Kosut, Tomas"]
[Black "Burgermeister, Michal"]
[Result "1-0"]
[WhiteElo "1777"]
[BlackElo "1864"]
[PlyCount "69"]
[EventDate "2014.03.08"]

1. e4 c5 2. Nf3 d6 3. d4 cxd4 4. Nxd4 Nf6 5. Nc3 g6 6. Be3 Bg7 7. f3 O-O 8. Bc4
Nc6 9. Qd2 Bd7 10. O-O-O Rc8 11. Bb3 Ne5 12. g4 Nc4 13. Bxc4 Rxc4 14. Kb1 Qb8
15. h4 Rfc8 16. h5 b5 17. hxg6 fxg6 18. Nd5 Nxd5 19. exd5 R4c5 20. Nc6 R5xc6
21. dxc6 Bxc6 22. Rh3 Qb7 23. f4 Be4 24. Rc1 Qc7 25. Bd4 e5 26. fxe5 dxe5 27.
Bc3 Qb7 28. Qh2 Re8 29. Re1 b4 30. Bd2 Rc8 31. Rc1 a5 32. Rxh7 b3 33. axb3 Qxb3
34. Rxg7+ Kxg7 35. Qxe5+ 1-0

[Event "MCR mladeze 2014, Open B"]
[Site "Kouty nad Desnou"]
[Date "2014.03.12"]
[Round "6"]
[White "Volanin, Jaromir"]
[Black "Vit, Jakub"]
[Result "1/2-1/2"]
[WhiteElo "1703"]
[BlackElo "1592"]
[PlyCount "23"]
[EventDate "2014.03.08"]

1. c4 e6 2. g3 d5 3. cxd5 exd5 4. d4 Nf6 5. Bg2 c6 6. Nf3 Be7 7. O-O O-O 8. Nc3
Bf5 9. Qb3 Qd7 10. Ne5 Qc8 11. Bg5 Nbd7 12. Nxd7 1/2-1/2

[Event "MCR mladeze 2014, Open B"]
[Site "Kouty nad Desnou"]
[Date "2014.03.12"]
[Round "6"]
[White "Berezjuk, Rostislav"]
[Black "Helebrand, Frantisek"]
[Result "1/2-1/2"]
[WhiteElo "1371"]
[BlackElo "1679"]
[PlyCount "39"]
[EventDate "2014.03.08"]

1. d4 d5 2. Nc3 Nf6 3. Bg5 e6 4. e3 Be7 5. Nf3 O-O 6. Bd3 h6 7. Bh4 Nbd7 8. O-O
b6 9. e4 dxe4 10. Nxe4 Bb7 11. Re1 Rc8 12. Qe2 Rb8 13. Bg3 Nh5 14. c3 Nxg3 15.
Nxg3 Nf6 16. Bc2 c5 17. Rad1 Qc7 18. Qd3 c4 19. Qe2 Bd6 20. Ne4 1/2-1/2

[Event "MCR mladeze 2014, Open B"]
[Site "Kouty nad Desnou"]
[Date "2014.03.12"]
[Round "6"]
[White "Kubelova, Sona"]
[Black "Siroky, Richard"]
[Result "0-1"]
[WhiteElo "1671"]
[BlackElo "1588"]
[PlyCount "76"]
[EventDate "2014.03.08"]

1. d4 f5 2. f4 Nf6 3. Nf3 b6 4. b3 Bb7 5. Bb2 e6 6. Qd3 d6 7. Ng5 Qe7 8. Qe3
Ne4 9. Qf3 Nd7 10. Qh5+ g6 11. Qf3 Ndf6 12. e3 O-O-O 13. Nxe4 Nxe4 14. Qh3 Bg7
15. Bc4 e5 16. O-O Bf6 17. d5 Qg7 18. Na3 Nd2 19. Rfd1 Nxc4 20. Nxc4 Qf7 21.
fxe5 dxe5 22. Bxe5 Rxd5 23. Bxf6 Qxf6 24. Rac1 h5 25. Rf1 Re8 26. Rce1 Kb8 27.
e4 Qd4+ 28. Qe3 Rxe4 29. Qxd4 Rdxd4 30. a4 Ba6 31. Rxe4 Rxe4 32. Nd2 Re2 33.
Rd1 Kc8 34. c3 Bb7 35. Nf3 Bxf3 36. gxf3 Re3 37. f4 Rxc3 38. Rb1 Rf3 0-1

[Event "MCR mladeze 2014, Open B"]
[Site "Kouty nad Desnou"]
[Date "2014.03.12"]
[Round "6"]
[White "Lhotsky, Zdenek"]
[Black "Miratsky, Petr"]
[Result "1/2-1/2"]
[WhiteElo "1539"]
[BlackElo "1637"]
[PlyCount "47"]
[EventDate "2014.03.08"]

1. e4 c5 2. Nf3 Nc6 3. d4 cxd4 4. Nxd4 Nf6 5. Nc3 e6 6. Bg5 Be7 7. Qd2 O-O 8.
Bc4 Qa5 9. h4 Qc5 10. Nxc6 bxc6 11. Bb3 d5 12. e5 Nd7 13. Bxe7 Qxe7 14. f4 Bb7
15. g4 c5 16. Rg1 Qxh4+ 17. Qf2 Qxf2+ 18. Kxf2 f6 19. Kg3 fxe5 20. fxe5 a6 21.
Ne4 c4 22. Ba4 Nb6 23. Nc5 Nxa4 24. Nxa4 {Necitelny zapis} 1/2-1/2

[Event "MCR mladeze 2014, Open B"]
[Site "Kouty nad Desnou"]
[Date "2014.03.12"]
[Round "6"]
[White "Sebesta, Petr"]
[Black "Martirosyan, Artyom"]
[Result "1-0"]
[WhiteElo "1623"]
[BlackElo "1000"]
[PlyCount "59"]
[EventDate "2014.03.08"]

1. b4 e5 2. Bb2 d6 3. e3 a5 4. b5 Nf6 5. Nf3 Bg4 6. Be2 Nbd7 7. O-O a4 8. c4
Nc5 9. d4 e4 10. Nfd2 Bxe2 11. Qxe2 Nd3 12. Nxe4 Nxb2 13. Nxf6+ gxf6 14. Qxb2
Rg8 15. Nc3 a3 16. Qb3 f5 17. Nd5 h5 18. Qd1 h4 19. Qf3 c6 20. bxc6 bxc6 21.
Nc3 Qd7 22. Rab1 Bh6 23. Rb6 Rc8 24. Rfb1 Ke7 25. Rb7 Rc7 26. Rxc7 Qxc7 27.
Qxf5 Rg5 28. Qe4+ Kf6 29. Qxh4 Kg6 30. Ne4 1-0

[Event "MCR mladeze 2014, Open B"]
[Site "Kouty nad Desnou"]
[Date "2014.03.12"]
[Round "6"]
[White "Kocourek, Jiri"]
[Black "Havelka, Jiri"]
[Result "1-0"]
[WhiteElo "1602"]
[BlackElo "1528"]
[PlyCount "79"]
[EventDate "2014.03.08"]

1. Nf3 d5 2. d4 e6 3. c4 c6 4. cxd5 exd5 5. Nc3 f5 6. Bg5 Nf6 7. a3 Bd6 8. e3
O-O 9. Bd3 Qe8 10. Bxf6 Rxf6 11. O-O Rh6 12. g3 f4 13. exf4 Bg4 14. Be2 Qg6 15.
Ne5 Bxe5 16. fxe5 Qh5 17. h4 Rg6 18. Bxg4 Rxg4 19. Kh2 Qg6 20. Rg1 Qe6 21. f4
Qf5 22. Qe2 Rg6 23. b4 Rh6 24. Raf1 Re6 25. g4 Qf7 26. g5 Nd7 27. f5 Re7 28. e6
Qe8 29. Qg4 Qb8+ 30. Qf4 Qxf4+ 31. Rxf4 Nb6 32. h5 Rf8 33. Kg3 g6 34. hxg6 hxg6
35. f6 Rxe6 36. Rh1 Re3+ 37. Rf3 Nc4 38. Rh6 Kf7 39. Rh7+ Ke6 40. Re7+ 1-0

[Event "MCR mladeze 2014, Open B"]
[Site "Kouty nad Desnou"]
[Date "2014.03.12"]
[Round "6"]
[White "Haderka, Karel"]
[Black "Sefcik, Miroslav"]
[Result "1/2-1/2"]
[WhiteElo "1858"]
[BlackElo "1522"]
[PlyCount "82"]
[EventDate "2014.03.08"]

1. c4 e5 2. Nc3 Nf6 3. g3 d5 4. cxd5 Nxd5 5. Bg2 Be6 6. d3 Bb4 7. Bd2 Nc6 8. a3
Ba5 9. Nf3 O-O 10. O-O Qd7 11. b4 Bb6 12. b5 Nxc3 13. Bxc3 Nd4 14. Nxe5 Qxb5
15. Nc4 Bxc4 16. dxc4 Qxc4 17. Bxd4 Qxd4 18. Bxb7 Rad8 19. Qb3 Qe5 20. Ra2 Rb8
21. Qf3 Rfd8 22. Bc6 Rd6 23. Rc2 Rbd8 24. a4 Rd2 25. Rxd2 Rxd2 26. Bb5 Qd5 27.
Kg2 Kf8 28. Rc1 Qxf3+ 29. Kxf3 Rd6 30. e3 Ke7 31. Rc4 h6 32. h4 Rf6+ 33. Ke2
Re6 34. e4 f5 35. Bc6 fxe4 36. Bxe4 Kf6 37. g4 g5 38. h5 Ke5 39. Bf5 Rd6 40. f3
Rd4 41. Rc6 Rd6 1/2-1/2